[Event "World Rapid 2019"]
[Site "Moscow RUS"]
[Date "2019.12.27"]
[Round "7.58"]
[White "Dragnev, Valentin"]
[Black "Iturrizaga Bonelli, Eduardo"]
[Result "1-0"]
[WhiteTitle "GM"]
[BlackTitle "GM"]
[WhiteElo "2553"]
[BlackElo "2597"]
[WhiteFideId "1634852"]
[BlackFideId "3901211"]
[EventDate "2019.12.26"]

1. d4 Nf6 2. c4 e6 3. Nf3 Bb4+ 4. Bd2 a5 5. g3 d6 6. Bg2 Nbd7 7. O-O e5 8. dxe5
dxe5 9. Nc3 O-O 10. Qc2 c6 11. a3 Be7 12. Rfd1 Qc7 13. Na4 b6 14. Be3 h6 15. Nh4
Re8 16. Nf5 Bf8 17. h3 Ba6 18. Rd2 Rac8 19. Rc1 Qb8 20. Rcd1 b5 21. Rxd7 bxa4
22. Ra7 Bb7 23. Qxa4 e4 24. Qxa5 Ba8 25. Qc3 c5 26. Ra6 Nh7 27. Rad6 Bc6 28. h4
Ba4 29. Rc1 Qb7 30. Rd2 Rc6 31. Bf4 Rb6 32. Nd6 Bxd6 33. Bxd6 Rb3 34. Qa5 Bc6
35. Qxc5 Rc8 36. Qd4 e3 37. Rdc2 Bxg2 38. f3 Bh3 39. g4 h5 40. c5 hxg4 41. c6
Qb5 42. Kh2 Nf6 43. Be5 Rxc6 44. Bxf6 Rxf6 45. fxg4 Bxg4 46. Qxg4 Qe5+ 47. Kh3
Rf2 48. Rh1 Rb6 49. Qc8+ Kh7 50. Rc5 Qf4 51. Rh5+ Rh6 52. Rxh6+ Qxh6 53. Qg4 Rf4
54. Qg5 Qe6+ 55. Kg3 Rf6 56. Qh5+ Rh6 57. Qf3 Qe5+ 58. Kh3 Rf6 59. Qg3 Rf4 60.
Rg1 g6 61. b4 Qe4 62. b5 Qf5+ 63. Kh2 Rf2+ 64. Rg2 Qxb5 65. Rxf2 exf2 66. Qxf2
f5 67. Qf3 Qa4 68. Kh3 Kh6 69. Qe3+ f4 70. Qf3 Qd4 71. Kg4 Kh7 72. Qxf4 Qg1+ 73.
Qg3 Qf1 74. Qf3 Qg1+ 75. Kh3 Qa1 76. Kg2 Qa2 77. h5 gxh5 78. Qxh5+ Kg7 79. Qf3
Qc2 80. Kf2 Qc5+ 81. Kg2 Qc2 82. Qd3 Qc1 83. Qd4+ Kg6 84. a4 Qe1 85. Qe4+ Kg5
86. Qe5+ Kg4 87. a5 Qc1 88. Qg3+ Kf5 89. a6 1-0

[Event "World Rapid 2019"]
[Site "Moscow RUS"]
[Date "2019.12.27"]
[Round "7.59"]
[White "Pashikian, Arman"]
[Black "Harsha, Bharathakoti"]
[Result "1-0"]
[WhiteTitle "GM"]
[BlackTitle "GM"]
[WhiteElo "2605"]
[BlackElo "2523"]
[WhiteFideId "13301578"]
[BlackFideId "5078776"]
[EventDate "2019.12.26"]

1. d4 d5 2. Nf3 Nf6 3. c4 e6 4. Nc3 c6 5. Bg5 dxc4 6. a4 b5 7. axb5 cxb5 8. Nxb5
Qb6 9. Nc3 Qxb2 10. Bd2 Nd5 11. Nxd5 exd5 12. Rb1 Qa2 13. Rb5 Be6 14. e4 a6 15.
Ra5 Qb3 16. exd5 Bf5 17. Ne5 Bc2 18. Qa1 Qb7 19. Bxc4 Bb4 20. Bb5+ axb5 21. Rxa8
Bxd2+ 22. Kxd2 O-O 23. Qa7 Qxa7 24. Rxa7 Be4 25. d6 Rd8 26. Nxf7 Rf8 27. Ne5 Rd8
28. Rc1 1-0

[Event "World Rapid 2019"]
[Site "Moscow RUS"]
[Date "2019.12.27"]
[Round "7.60"]
[White "Kobalia, Mikhail"]
[Black "Zarubitski, Viachaslau"]
[Result "1-0"]
[WhiteTitle "GM"]
[BlackTitle "IM"]
[WhiteElo "2609"]
[BlackElo "2451"]
[WhiteFideId "4119150"]
[BlackFideId "13509373"]
[EventDate "2019.12.26"]

1. e4 e5 2. Nf3 Nf6 3. Nxe5 d6 4. Nf3 Nxe4 5. d3 Nf6 6. d4 d5 7. Bd3 Bd6 8. O-O
O-O 9. h3 Nbd7 10. Re1 Re8 11. Bg5 Rxe1+ 12. Qxe1 Nf8 13. Qa5 Ne6 14. Bxf6 Qxf6
15. Qxd5 Nf4 16. Qe4 Nxd3 17. Qe8+ Bf8 18. cxd3 Qe6 19. Qb5 Bd7 20. Qc4 Re8 21.
Nc3 Bd6 22. Qxe6 Bxe6 23. Re1 Rd8 24. Ng5 Bf5 25. Nge4 Bf8 26. d5 f6 27. d4 Bxe4
28. Rxe4 Bb4 29. Nb5 Rxd5 30. Nxc7 Rd7 31. Nb5 a6 32. Nc3 Kf7 33. Kf1 f5 34. Re5
Rxd4 35. Rxf5+ Ke6 36. Rg5 g6 37. Rg4 Ke5 38. Ke2 Rxg4 39. hxg4 Bxc3 40. bxc3
Kf4 41. f3 Kg3 42. c4 Kxg2 43. f4 h5 44. gxh5 gxh5 45. f5 h4 46. f6 h3 47. f7 h2
48. f8=Q h1=Q 49. Qg7+ Kh3 50. Qh7+ Kg2 51. Qxb7+ 1-0

[Event "World Rapid 2019"]
[Site "Moscow RUS"]
[Date "2019.12.27"]
[Round "7.61"]
[White "Tsoi, Dmitry"]
[Black "Savchenko, Boris"]
[Result "1-0"]
[WhiteTitle "FM"]
[BlackTitle "GM"]
[WhiteElo "2321"]
[BlackElo "2577"]
[WhiteFideId "24194697"]
[BlackFideId "4147332"]
[EventDate "2019.12.26"]

1. f4 d5 2. Nf3 g6 3. e3 Bg7 4. d4 Nd7 5. Bd3 Nh6 6. O-O Nf6 7. Nbd2 Nf5 8. Qe2
Ng4 9. Nb3 O-O 10. c3 Nd6 11. Ne5 Nf6 12. Nd2 Bf5 13. Bxf5 Nxf5 14. Nd3 Nd6 15.
Nf2 Rc8 16. e4 dxe4 17. Nfxe4 Qd7 18. Nc5 Qc6 19. a4 e6 20. Nf3 b6 21. Nd3 a5
22. Nde5 Qa8 23. Be3 Nf5 24. Rad1 Qe4 25. Rfe1 Qxe3+ 26. Qxe3 Nxe3 27. Rxe3 Nd5
28. Re4 f5 29. Ree1 Nxf4 30. Nd3 Nxd3 31. Rxd3 Rfe8 32. Rde3 e5 33. Nxe5 Bxe5
34. Rxe5 Kf7 35. Kf2 Rxe5 36. Rxe5 Re8 37. Rxe8 Kxe8 38. Ke3 Ke7 39. d5 Kd6 40.
Kd4 g5 41. b4 b5 42. bxa5 c5+ 43. Kd3 1-0

[Event "World Rapid 2019"]
[Site "Moscow RUS"]
[Date "2019.12.27"]
[Round "7.62"]
[White "Petrosyan, Manuel"]
[Black "Jumabayev, Rinat"]
[Result "1-0"]
[WhiteTitle "GM"]
[BlackTitle "GM"]
[WhiteElo "2613"]
[BlackElo "2646"]
[WhiteFideId "13300857"]
[BlackFideId "13702661"]
[EventDate "2019.12.26"]

1. d4 Nf6 2. c4 e6 3. Nc3 Bb4 4. Qc2 c5 5. dxc5 Bxc5 6. Nf3 Qb6 7. e3 Qc7 8. Be2
a6 9. O-O b6 10. b3 Bb7 11. Bb2 Be7 12. h3 d6 13. Nd2 Nbd7 14. Bf3 O-O 15. Rfd1
Rac8 16. Bxb7 Qxb7 17. Nde4 Nxe4 18. Qxe4 Qxe4 19. Nxe4 Rc6 20. Ba3 Nc5 21. Bxc5
bxc5 22. g4 f5 23. gxf5 Rxf5 24. Rd3 Rf8 25. Rad1 Rd8 26. f4 Kf7 27. Kg2 Ke8 28.
h4 Kd7 29. h5 Rf8 30. Kf3 Rf5 31. Rg1 Bf8 32. Rg5 Rxg5 33. Nxg5 h6 34. Ne4 Rc7
35. Rd1 Kc6 36. Rg1 d5 37. Nd2 Kd7 38. Rg6 a5 39. f5 exf5 40. cxd5 a4 41. Nc4
axb3 42. axb3 Rb7 43. Ne5+ Kd8 44. Ra6 Kc7 45. d6+ Bxd6 46. Rc6+ Kb8 47. Rxd6
Rxb3 48. Rd5 Rb1 49. Rxc5 Kb7 50. Nd3 1-0

[Event "World Rapid 2019"]
[Site "Moscow RUS"]
[Date "2019.12.27"]
[Round "7.63"]
[White "Yilmaz, Mustafa"]
[Black "Korobov, Anton"]
[Result "0-1"]
[WhiteTitle "GM"]
[BlackTitle "GM"]
[WhiteElo "2604"]
[BlackElo "2668"]
[WhiteFideId "6302718"]
[BlackFideId "14105730"]
[EventDate "2019.12.26"]

1. d4 d5 2. c4 c6 3. Nf3 Nf6 4. e3 Bf5 5. Nc3 e6 6. Nh4 Be4 7. f3 Bg6 8. Bd2 Be7
9. Qb3 Qc7 10. Nxg6 hxg6 11. O-O-O a6 12. c5 Nbd7 13. Na4 e5 14. Be1 Rb8 15. Kb1
O-O 16. g4 Rfe8 17. Bg3 Bf8 18. Qc2 Re7 19. h4 Rbe8 20. Bh3 Qa5 21. Nc3 b6 22.
Be1 exd4 23. Nxd5 Nxd5 24. Bxa5 Nxe3 25. Qc1 Nxd1 26. cxb6 Nf2 27. Rh2 Nd3 28.
Qg5 Re3 29. b7 N7c5 0-1

[Event "World Rapid 2019"]
[Site "Moscow RUS"]
[Date "2019.12.27"]
[Round "7.64"]
[White "Socko, Bartosz"]
[Black "Salgado Lopez, Ivan"]
[Result "1-0"]
[WhiteTitle "GM"]
[BlackTitle "GM"]
[WhiteElo "2618"]
[BlackElo "2605"]
[WhiteFideId "1107038"]
[BlackFideId "2257327"]
[EventDate "2019.12.26"]

1. d4 Nf6 2. c4 e6 3. Nf3 b6 4. Bf4 Bb7 5. e3 Be7 6. Nc3 Nh5 7. Bg3 d6 8. Qc2
Nd7 9. O-O-O a6 10. Bd3 g6 11. Kb1 O-O 12. Be4 c6 13. Nd2 b5 14. Bf3 Nxg3 15.
hxg3 bxc4 16. Nxc4 d5 17. Nd2 c5 18. Rh3 Re8 19. dxc5 Bxc5 20. Rdh1 Nf8 21. Nxd5
Bxd5 22. Qxc5 Bxf3 23. Nxf3 Rb8 24. Qc3 Qd5 25. Rh4 Rec8 26. Qd2 Qf5+ 27. e4 Qb5
28. e5 Rd8 29. Rd4 Rxd4 30. Qxd4 Rc8 31. Rd1 Qc6 32. a3 Qc2+ 33. Ka2 Rb8 34. Rd2
Qb3+ 35. Ka1 Rb7 36. Qd3 Qxd3 37. Rxd3 Nd7 38. b4 Kf8 39. Ka2 Ke7 40. Re3 Rb5
41. Nd4 Rd5 42. Nc6+ Ke8 43. Kb3 Rd2 44. f4 Nb6 45. Nb8 Nd5 46. Rf3 Rxg2 47.
Nxa6 Kd7 48. Nc5+ Kc6 49. Ne4 h6 50. Nc3 Ne7 51. Rd3 Nf5 52. Ne4 h5 53. a4 Rg1
54. b5+ Kb6 55. Kb4 Rb1+ 56. Rb3 Ra1 57. Nd6 Nd4 58. a5+ Kc7 59. Rc3+ Kd7 60. a6
Ra2 61. Rd3 1-0

[Event "World Rapid 2019"]
[Site "Moscow RUS"]
[Date "2019.12.27"]
[Round "7.65"]
[White "Turov, Maxim"]
[Black "Gajewski, Grzegorz"]
[Result "1-0"]
[WhiteTitle "GM"]
[BlackTitle "GM"]
[WhiteElo "2574"]
[BlackElo "2626"]
[WhiteFideId "4120086"]
[BlackFideId "1116207"]
[EventDate "2019.12.26"]

1. d4 d5 2. c4 e6 3. Nc3 Bb4 4. Nf3 Nf6 5. Qa4+ Nc6 6. Bg5 dxc4 7. a3 Bxc3+ 8.
bxc3 Qd5 9. Bxf6 gxf6 10. g3 b5 11. Qc2 Bb7 12. Bg2 a6 13. O-O O-O 14. a4 Rab8
15. axb5 axb5 16. Rfb1 b4 17. e4 b3 18. Qxb3 cxb3 19. exd5 Ne7 20. dxe6 Bd5 21.
exf7+ Bxf7 22. Nd2 b2 23. Ra5 c5 24. d5 Bg6 25. Be4 f5 26. Bc2 Nxd5 27. Rxc5
Rfd8 28. Bb3 Bf7 29. Rxb2 Kf8 30. Ra2 Nf4 31. Rxf5 Ne2+ 32. Kg2 Rxb3 33. Nxb3 1-0

[Event "World Rapid 2019"]
[Site "Moscow RUS"]
[Date "2019.12.27"]
[Round "7.66"]
[White "Can, Emre"]
[Black "Adly, Ahmed"]
[Result "1/2-1/2"]
[WhiteTitle "GM"]
[BlackTitle "GM"]
[WhiteElo "2600"]
[BlackElo "2607"]
[WhiteFideId "6302181"]
[BlackFideId "10601619"]
[EventDate "2019.12.26"]

1. e4 c6 2. d4 d5 3. exd5 cxd5 4. Bd3 Nc6 5. c3 Nf6 6. h3 Qc7 7. Nf3 g6 8. O-O
Bg7 9. Re1 O-O 10. Na3 Bf5 11. Nc2 e6 12. Bf1 Bxc2 13. Qxc2 Ne4 14. Qd1 f5 15.
g3 Rad8 16. Bf4 Qb6 17. Qb3 Rc8 18. Ng5 Rfe8 19. Qxb6 axb6 20. f3 Nxg5 21. Bxg5
e5 22. dxe5 Nxe5 23. Be2 d4 24. cxd4 Nf7 25. Bd2 Rc2 26. Rad1 Bxd4+ 27. Kf1 Bxb2
28. Bd3 Rxe1+ 29. Bxe1 Rc6 30. Bb5 Rd6 31. Rb1 Bd4 32. Bb4 Bc5 33. Bc3 Ng5 34.
Kg2 Kf8 35. Re1 Ne6 36. h4 Nc7 37. Bc4 b5 38. Bb3 Nd5 39. Bd2 f4 40. Bxd5 Rxd5
41. Bxf4 Rd3 42. Re2 b6 43. Rd2 Ra3 44. g4 b4 45. h5 gxh5 46. gxh5 Ke7 47. Kg3
b3 48. axb3 Rxb3 49. Kg4 Ke6 50. Re2+ Kf7 51. Re5 Rb4 52. Rf5+ Ke6 53. Re5+ Kd7
54. Re4 Rxe4 55. fxe4 Ke6 56. Bd2 Ke5 57. Kf3 b5 58. Bc3+ Bd4 59. Bb4 Bb2 60.
Bc5 Bc1 61. Bb4 Kd4 62. Bd6 Bh6 63. Be7 Kd3 64. Bd6 Kd4 65. Be7 Bd2 66. Bd6 Bg5
67. Kg4 Bd2 68. Kf5 b4 69. e5 Kd5 70. Bxb4 Bxb4 71. e6 Be7 72. Kf4 Kd6 73. h6
Kc6 74. Ke5 Kc5 75. Ke4 Kd6 76. Kf5 Kd5 77. Kf4 Kd4 78. Kf3 Ke5 79. Kg2 Kf5 80.
Kh1 Kg6 81. Kg2 Kxh6 82. Kh1 Kg5 83. Kg2 Kf5 84. Kh3 Kf4 85. Kg2 Kg4 86. Kh2 Kf3
87. Kh1 h5 88. Kg1 Kg3 89. Kh1 h4 90. Kg1 h3 91. Kh1 h2 1/2-1/2

[Event "World Rapid 2019"]
[Site "Moscow RUS"]
[Date "2019.12.27"]
[Round "7.67"]
[White "Guliyev, Namig"]
[Black "Huzman, Alexander"]
[Result "1/2-1/2"]
[WhiteTitle "GM"]
[BlackTitle "GM"]
[WhiteElo "2548"]
[BlackElo "2567"]
[WhiteFideId "13400363"]
[BlackFideId "2803828"]
[EventDate "2019.12.26"]

1. e4 e5 2. Nf3 Nf6 3. Nxe5 d6 4. Nf3 Nxe4 5. d4 d5 6. Bd3 Be7 7. O-O Bf5 8. Re1
Nd6 9. Bg5 f6 10. Bf4 Bxd3 11. Qxd3 c6 12. Nbd2 O-O 13. Re2 Rf7 14. h4 Na6 15.
h5 Qd7 16. Rae1 Bf8 17. Bxd6 Bxd6 18. c3 Nc7 19. Nh4 Re8 20. Rxe8+ Nxe8 21. Nf5
Bf8 22. Nf3 Nd6 23. N3h4 Ne4 24. f3 Nd6 25. Kf2 Nc8 26. g4 c5 27. dxc5 Bxc5+ 28.
Kg2 Nb6 29. b3 Nc8 30. Rd1 Nb6 31. b4 Bf8 32. Ne3 Qa4 33. Rd2 Rd7 34. Nhf5 Qc6
35. Nd4 Qc8 36. Re2 Re7 37. Nef5 Re5 38. f4 Re8 39. Rxe8 Qxe8 40. Ne3 Qe4+ 41.
Qxe4 dxe4 42. a3 Bd6 43. Ne6 Kf7 44. f5 Be7 45. c4 Nd7 46. Kg3 Bd6+ 47. Kf2 b6
48. Ke2 g6 49. Nd8+ Kg7 50. h6+ Kg8 51. Nc6 a6 52. Nd5 gxf5 53. gxf5 Kf7 54. Ke3
Bf8 55. Kxe4 Bxh6 56. Nc7 Bc1 57. a4 a5 58. bxa5 bxa5 59. Nxa5 Nc5+ 60. Kd4 Nxa4
61. Nb3 Bf4 62. Ne6 Be5+ 63. Ke4 h5 64. c5 Ke7 65. Nd2 h4 66. Kf3 h3 67. Nc4 Nc3
68. c6 Nd5 69. Kf2 h2 70. Kg2 Nf4+ 71. Kxh2 Nxe6+ 72. Nxe5 fxe5 73. fxe6 Kxe6
74. Kg3 Kd6 75. Kf3 1/2-1/2

[Event "World Rapid 2019"]
[Site "Moscow RUS"]
[Date "2019.12.27"]
[Round "7.68"]
[White "Gareyev, Timur"]
[Black "Vishnu Prasanna, V"]
[Result "0-1"]
[WhiteTitle "GM"]
[BlackTitle "GM"]
[WhiteElo "2598"]
[BlackElo "2493"]
[WhiteFideId "14200937"]
[BlackFideId "5030692"]
[EventDate "2019.12.26"]

1. e4 c5 2. Nf3 d6 3. d4 cxd4 4. Nxd4 Nf6 5. Nc3 a6 6. Bc4 e6 7. Bb3 Nbd7 8. Qf3
Nc5 9. g4 b5 10. Qg2 Bb7 11. f3 b4 12. Na4 Nxb3 13. axb3 e5 14. Nf5 d5 15. g5
dxe4 16. gxf6 Qxf6 17. Ng3 exf3 18. Qf2 Be7 19. Rg1 h5 20. Be3 Rd8 21. Nf1 O-O
22. Ng3 Qg6 23. Nc5 Bxc5 24. Bxc5 Rfe8 25. Rd1 h4 26. Nf1 Qe4+ 27. Be3 f5 28.
Nd2 Qxc2 29. Bh6 Rd7 30. Qb6 Qd3 31. Qe3 Qxe3+ 32. Bxe3 f4 33. Bf2 e4 34. Nc4
Rxd1+ 35. Kxd1 e3 36. Bxh4 f2 37. Bxf2 exf2 38. Rf1 Bf3+ 39. Kd2 Re2+ 40. Kd3 g5
41. Nd2 g4 42. Nxf3 gxf3 43. Kc4 Kf7 44. Kxb4 Ke6 45. Ka5 Kf5 46. h4 Kg4 47.
Kxa6 Kxh4 0-1

[Event "World Rapid 2019"]
[Site "Moscow RUS"]
[Date "2019.12.27"]
[Round "7.69"]
[White "Afanasiev, Nikita"]
[Black "Belov, Vladimir"]
[Result "0-1"]
[WhiteTitle "IM"]
[BlackTitle "GM"]
[WhiteElo "2517"]
[BlackElo "2598"]
[WhiteFideId "24183555"]
[BlackFideId "4132394"]
[EventDate "2019.12.26"]

1. Nf3 c5 2. c4 Nc6 3. Nc3 e5 4. e3 Nf6 5. d4 e4 6. d5 exf3 7. dxc6 dxc6 8.
Qxd8+ Kxd8 9. gxf3 g6 10. b3 Bg7 11. Bb2 Ke7 12. O-O-O Be6 13. Ne2 Rhd8 14. Bg2
Rxd1+ 15. Rxd1 Rd8 16. Rxd8 Kxd8 17. f4 b5 18. Bxc6 bxc4 19. Kc2 Kc7 20. Ba8
cxb3+ 21. axb3 Ne8 22. Ba3 c4 23. bxc4 Bxc4 24. Nc3 Nd6 25. Bb4 Nb5 26. Nd5+ Kd7
27. Bc5 Ke6 28. e4 a5 29. Ne3 Ba2 30. e5 g5 31. f5+ Kxe5 32. Kb2 Nc7 33. Bc6 Bd5
34. Be8 Nxe8 0-1

[Event "World Rapid 2019"]
[Site "Moscow RUS"]
[Date "2019.12.27"]
[Round "7.70"]
[White "Vastrukhin, Oleg"]
[Black "Bosiocic, Marin"]
[Result "1-0"]
[WhiteTitle "IM"]
[BlackTitle "GM"]
[WhiteElo "2428"]
[BlackElo "2623"]
[WhiteFideId "4192770"]
[BlackFideId "14507927"]
[EventDate "2019.12.26"]

1. Nf3 Nf6 2. g3 g6 3. Bg2 Bg7 4. O-O O-O 5. d4 d6 6. a4 c6 7. a5 Bf5 8. Nc3 Ne4
9. Nxe4 Bxe4 10. e3 Na6 11. c4 d5 12. b3 c5 13. Bb2 Rc8 14. Ne5 Bxg2 15. Kxg2
cxd4 16. Bxd4 Qc7 17. Nf3 e5 18. Bxa7 dxc4 19. bxc4 Qxc4 20. Qa4 Qe6 21. Rab1
Rc7 22. Rfc1 Rfc8 23. Rxc7 Rxc7 24. Rd1 Bf6 25. Bb6 Rc6 26. Qe4 Nc7 27. Bxc7
Rxc7 28. Rb1 Qa2 29. h4 Rc2 30. Rf1 Rb2 31. g4 Qxa5 32. g5 Bg7 33. Rc1 Qa2 34.
Rc8+ Bf8 35. Nxe5 Rxf2+ 36. Kg3 Rd2 37. Ng4 Qa1 38. Rxf8+ Kg7 39. Rxf7+ Kxf7 40.
Nh6+ Kf8 41. Qb4+ 1-0

[Event "World Rapid 2019"]
[Site "Moscow RUS"]
[Date "2019.12.27"]
[Round "7.71"]
[White "Indjic, Aleksandar"]
[Black "Glek, Igor"]
[Result "1-0"]
[WhiteTitle "GM"]
[BlackTitle "GM"]
[WhiteElo "2619"]
[BlackElo "2467"]
[WhiteFideId "911925"]
[BlackFideId "4100484"]
[EventDate "2019.12.26"]

1. d4 e6 2. c4 f5 3. a3 Nf6 4. Nc3 Be7 5. Nf3 O-O 6. h3 Ne4 7. Qc2 Nxc3 8. bxc3
d6 9. e4 e5 10. Bd3 f4 11. c5 Nd7 12. cxd6 Bxd6 13. a4 Qe7 14. O-O Kh8 15. Bb2
c5 16. Rfe1 b6 17. Bb5 a6 18. Bc6 Rb8 19. Rad1 c4 20. Qd2 Bc7 21. Qc1 Bd6 22. a5
bxa5 23. Bd5 Nb6 24. Nxe5 Bxe5 25. dxe5 Qxe5 26. f3 Bxh3 27. Re2 Be6 28. Bxe6
Qxe6 29. Red2 Na4 30. Ba3 Qb6+ 31. Kf1 Rfd8 32. Bd6 Rbc8 33. Bxf4 Rd3 34. Be5
Nb2 35. Qb1 Qe6 36. Bxg7+ Kxg7 37. Rxb2 Rcd8 38. Rxd3 cxd3 39. Qc1 Qf6 40. Qe3
Rd7 41. e5 Qf5 42. g4 Qg6 43. Kf2 h6 44. c4 Qe6 45. Rb6 d2 46. Rxe6 d1=N+ 47.
Ke2 Nxe3 48. Kxe3 Ra7 49. Rb6 a4 50. Rb4 a3 51. Ra4 h5 52. gxh5 a5 53. Rxa3 a4
54. Kd4 Kh6 55. c5 Kxh5 56. c6 Kg6 57. Kc5 Kf5 58. Kb6 1-0

[Event "World Rapid 2019"]
[Site "Moscow RUS"]
[Date "2019.12.27"]
[Round "7.72"]
[White "Kezin, Roman"]
[Black "Gutenev, Alexander"]
[Result "1-0"]
[WhiteTitle "IM"]
[BlackTitle "IM"]
[WhiteElo "2470"]
[BlackElo "2469"]
[WhiteFideId "24124621"]
[BlackFideId "4195540"]
[EventDate "2019.12.26"]

1. d4 Nf6 2. c4 g6 3. Nc3 d5 4. cxd5 Nxd5 5. e4 Nxc3 6. bxc3 Bg7 7. Nf3 c5 8.
Be3 Qa5 9. Qd2 O-O 10. Rc1 Rd8 11. d5 Na6 12. Be2 Bg4 13. O-O Bxf3 14. gxf3 e6
15. c4 Nb4 16. a3 Qxa3 17. Bxc5 a5 18. Rfd1 Rac8 19. Bb6 Rd7 20. f4 Qh3 21. Qe3
Qh4 22. Bxa5 Na6 23. Qg3 Qe7 24. e5 exd5 25. Bg4 d4 26. Bb6 Nc5 27. Qa3 Bf8 28.
Bxc5 Rxc5 29. Bxd7 Qxd7 30. Qd3 Qg4+ 31. Qg3 Qd7 32. Qf3 Bh6 33. Kg2 b6 34. Rb1
Rxc4 35. Rxb6 Qf5 36. Rf6 Qd7 37. Rd6 Qa7 38. Qd5 Qc7 39. Rd8+ Bf8 40. Rd7 Qc6
41. Qxc6 Rxc6 42. R1xd4 Rc2 43. Rd2 Rc4 44. Kf3 Ra4 45. R7d4 Ra3+ 46. R2d3 Ra2
47. Rc4 Be7 48. Rc7 Bh4 49. Rdd7 Rxf2+ 50. Kg4 Rxh2 51. Rxf7 h5+ 52. Kf3 g5 53.
Rg7+ Kf8 54. Rcf7+ Ke8 55. e6 g4+ 56. Ke4 1-0

[Event "World Rapid 2019"]
[Site "Moscow RUS"]
[Date "2019.12.27"]
[Round "7.73"]
[White "Romanov, Evgeny"]
[Black "Mesropov, Konstantin"]
[Result "1-0"]
[WhiteTitle "GM"]
[BlackTitle "IM"]
[WhiteElo "2604"]
[BlackElo "2422"]
[WhiteFideId "4148843"]
[BlackFideId "4116887"]
[EventDate "2019.12.26"]

1. c4 e6 2. g3 d5 3. Bg2 c6 4. Qc2 Nf6 5. Nf3 Bd6 6. d4 Ne4 7. O-O O-O 8. Nc3 f5
9. Ne5 Nd7 10. Nd3 Qf6 11. Be3 g5 12. Rad1 Qg7 13. b4 a5 14. b5 dxc4 15. Bxe4
cxd3 16. Bxd3 Nf6 17. Bc4 Ng4 18. Kg2 Qh6 19. h3 Nxe3+ 20. fxe3 Bd7 21. bxc6 g4
22. hxg4 Bxc6+ 23. d5 exd5 24. Bxd5+ Bxd5+ 25. Nxd5 fxg4 26. Rh1 Qg7 27. Rh4
Rad8 28. Qe4 Qf7 29. Nf6+ 1-0

[Event "World Rapid 2019"]
[Site "Moscow RUS"]
[Date "2019.12.27"]
[Round "7.74"]
[White "Gasanov, Eldar"]
[Black "Kazakouski, Valery"]
[Result "0-1"]
[WhiteTitle "GM"]
[BlackTitle "IM"]
[WhiteElo "2481"]
[BlackElo "2485"]
[WhiteFideId "14104466"]
[BlackFideId "13507443"]
[EventDate "2019.12.26"]

1. d4 Nf6 2. c4 e6 3. Nc3 Bb4 4. Bg5 h6 5. Bh4 c5 6. d5 d6 7. e3 a6 8. Nf3 exd5
9. cxd5 Nbd7 10. Nd2 Qe7 11. Be2 O-O 12. Rc1 Re8 13. O-O Qf8 14. Bf3 b5 15. a3
Ba5 16. Nde4 Nxe4 17. Nxe4 Ne5 18. Bg3 Bf5 19. Nc3 c4 20. e4 Bh7 21. Bxe5 Rxe5
22. Qd4 Qe7 23. Rfe1 Re8 24. Re2 Bxc3 25. Rxc3 Bxe4 26. Rce3 Bxf3 27. gxf3 Qg5+
28. Kf1 Qf5 29. Kg2 Qg6+ 30. Kf1 Qh5 31. Qf4 Rxe3 32. Rxe3 Rxe3 33. Qxe3 Qxd5
34. Qf4 Qe5 35. Qg4 a5 36. Qc8+ Kh7 37. Qd7 Qd5 38. Kg2 b4 39. axb4 axb4 40. Qa4
Qg5+ 41. Kh3 Qh5+ 42. Kg2 Qg5+ 43. Kh3 Qf5+ 44. Kg2 Qc5 45. Qd7 c3 46. bxc3 bxc3 0-1

[Event "World Rapid 2019"]
[Site "Moscow RUS"]
[Date "2019.12.27"]
[Round "7.75"]
[White "Sek, Konstantin"]
[Black "Potkin, Vladimir"]
[Result "0-1"]
[BlackTitle "GM"]
[WhiteElo "2446"]
[BlackElo "2583"]
[WhiteFideId "24104302"]
[BlackFideId "4131061"]
[EventDate "2019.12.26"]

1. e4 c5 2. Nf3 d6 3. d4 cxd4 4. Nxd4 Nf6 5. Nc3 a6 6. Bd3 e5 7. Nde2 Be7 8. O-O
Be6 9. Ng3 Nc6 10. Nh5 Nxh5 11. Qxh5 g6 12. Qd1 Bg5 13. Kh1 O-O 14. f4 exf4 15.
Bxf4 Bxf4 16. Rxf4 Qg5 17. Qf1 Ne5 18. Re1 Rac8 19. Qf2 b5 20. a3 Nc4 21. Bxc4
Rxc4 22. Rf1 a5 23. Rf6 Qe5 24. Nxb5 Qxb5 25. Rxe6 Rxc2 26. Qf3 Qxf1+ 27. Qxf1
fxe6 28. Qd1 Rfc8 0-1

[Event "World Rapid 2019"]
[Site "Moscow RUS"]
[Date "2019.12.27"]
[Round "7.76"]
[White "Ismagambetov, Anuar"]
[Black "Vavulin, Maxim"]
[Result "1-0"]
[WhiteTitle "GM"]
[BlackTitle "GM"]
[WhiteElo "2528"]
[BlackElo "2556"]
[WhiteFideId "13701525"]
[BlackFideId "4169530"]
[EventDate "2019.12.26"]

1. e4 e5 2. Nf3 Nc6 3. Bb5 a6 4. Ba4 b5 5. Bb3 Na5 6. Bxf7+ Kxf7 7. Nxe5+ Ke7 8.
d4 Qe8 9. O-O Kd8 10. Re1 d6 11. Bd2 Nc6 12. Nxc6+ Qxc6 13. Nc3 Bb7 14. a4 Nf6
15. d5 Qd7 16. axb5 axb5 17. Rxa8+ Bxa8 18. Qa1 Bb7 19. Qa5 Be7 20. Nxb5 Ng4 21.
Qb4 Bh4 22. g3 Bf6 23. Na7 Ne5 24. Qxb7 Nf3+ 25. Kg2 Nxd2 26. Qa8+ Ke7 27. Nc6+
Kf7 28. Qxh8 Qg4 29. Nd8+ Ke7 30. Qg8 Qf3+ 31. Kg1 Kd7 32. Nc6 Qg4 33. Qf7+ Kc8
34. Qe8+ Kb7 35. Qb8+ 1-0

[Event "World Rapid 2019"]
[Site "Moscow RUS"]
[Date "2019.12.27"]
[Round "7.77"]
[White "Santos Ruiz, Miguel"]
[Black "Rychagov, Andrey"]
[Result "0-1"]
[WhiteTitle "GM"]
[BlackTitle "GM"]
[WhiteElo "2585"]
[BlackElo "2545"]
[WhiteFideId "22291482"]
[BlackFideId "4119932"]
[EventDate "2019.12.26"]

1. e4 e6 2. d4 d5 3. Nd2 Be7 4. e5 c5 5. Bd3 Nc6 6. c3 f5 7. exf6 Nxf6 8. Ne2
O-O 9. Nf3 Bd6 10. O-O e5 11. dxe5 Nxe5 12. Nxe5 Bxe5 13. h3 Bd7 14. Bf4 Qc7 15.
Qd2 Rae8 16. Rad1 Bc6 17. Bxe5 Rxe5 18. Ng3 Rfe8 19. Rfe1 Ba4 20. Rc1 Bd7 21.
Rxe5 Qxe5 22. Kf1 Kf7 23. Re1 Qxe1+ 24. Qxe1 Rxe1+ 25. Kxe1 Ke6 26. Kd2 Ke5 27.
Ne2 g5 28. Ke3 d4+ 29. cxd4+ cxd4+ 30. Kd2 Bc6 31. f3 h5 32. Bg6 h4 33. Nc1 Bb5
34. Bd3 Be8 35. Bc2 Nd5 36. Be4 Nf4 37. Bxb7 Bb5 38. Bc8 Bf1 39. b4 Bxg2 40.
Nd3+ Nxd3 41. Kxd3 Bxf3 42. a4 g4 0-1

[Event "World Rapid 2019"]
[Site "Moscow RUS"]
[Date "2019.12.27"]
[Round "7.78"]
[White "Rozum, Ivan"]
[Black "Blohberger, Felix"]
[Result "1-0"]
[WhiteTitle "GM"]
[BlackTitle "IM"]
[WhiteElo "2573"]
[BlackElo "2434"]
[WhiteFideId "24104272"]
[BlackFideId "1632051"]
[EventDate "2019.12.26"]

1. d4 Nf6 2. c4 e6 3. Nf3 Bb4+ 4. Bd2 Be7 5. Nc3 O-O 6. e3 d5 7. Rc1 a6 8. cxd5
exd5 9. Bd3 Nbd7 10. O-O Bd6 11. Qc2 Re8 12. Ne2 c6 13. Ng3 Nf8 14. b4 Bg4 15.
a4 Ng6 16. Ng5 Nf8 17. f4 Qe7 18. Rb1 Bd7 19. Rfe1 h6 20. Nf3 Ne4 21. Bxe4 dxe4
22. Ne5 f5 23. Nh1 Be6 24. Nf2 Nd7 25. g4 Bxe5 26. dxe5 Qh4 27. Bc3 Nb6 28. Bd4
Nd5 29. gxf5 Bxf5 30. Nh1 Re6 31. Ng3 Qg4 32. Qe2 Qxe2 33. Rxe2 g6 34. Rg2 Kh7
35. Kf2 Rg8 36. h4 h5 37. Nxf5 gxf5 38. Rxg8 Kxg8 39. Rg1+ Kh7 40. Rg5 Nxb4 41.
Rxf5 c5 42. Ba1 Nd3+ 43. Ke2 b5 44. Rxh5+ Kg8 45. f5 Re7 46. e6 1-0